Geography Quiz

Random Geography or City Quiz
Score 0/20 Timer 07:00
0 Plays Today
% Correct
Giza, Egypt
93.4%
Geneva, Switzerland
64.3%
Guangzhou, China
51.2%
Glasgow, United Kingdom
47.5%
Guatemala City, Guatemala
46.5%
Genoa, Italy
43.5%
Gold Coast, Australia
43.4%
Guadalajara, Mexico
41.5%
Granada, Spain
39.7%
Galway, Ireland
39.2%
% Correct
Ghent, Belgium
38.3%
Grenoble, France
34.4%
Georgetown, Guyana
34.2%
Gdańsk, Poland
32.8%
Gaborone, Botswana
30.1%
Gaza City, Palestine
24.4%
Guayaquil, Ecuador
23.1%
Greensboro, North Carolina, USA
15.7%
Granada, Nicaragua
12.5%
Grozny, Russia
10.7%
Remove Ads.
Support Sporcle.
Get the best of Sporcle when you Go Orange. This ad-free experience offers more features, more stats, and more fun while also helping to support Sporcle. Thank you for becoming a member.

You're not logged in!

Compare scores with friends on all Sporcle quizzes.
OR
Log In

Show Comments

Extras

Top Quizzes Today


Score Distribution

Your Account Isn't Verified!

In order to create a playlist on Sporcle, you need to verify the email address you used during registration. Go to your Sporcle Settings to finish the process.

Report this User

Report this user for behavior that violates our Community Guidelines.

Details: